000 00450nam a2200181 a 4500
001 1765375630129
003 ACL
005 20251210193955.0
008 251210s2008##################000#0#eng##
020 _a9780714848921
082 0 4 _a635.90942
_bPHA
100 1 _aPress, Editors of Phaidon,
_eauthor.
245 1 0 _aThe English Garden :
260 _bPhaidon Press,
_c2008.
650 0 _aGardening.
942 _cENGLISH
040 _aACL
_beng
_cACL
999 _c602036
_d602036